000 004640000a22001570004500
003 LK-CoMWRAF
008 230817t ||||| |||| 00| 0 eng d
040 _aLK-CoMWRAF
_dLK-CoMWRAF
_eLK-CoMWRAF
041 _aeng
100 _aQutab, Mohamed
245 _aIslam: (Islam the Misunderstood Religion)
_bThavarana Kuttrachattukalum Thakunta Bathilkalum
260 _bHindustan Publications
_aMadras (India)
_c
300 _ap.168
650 _aTamil Text
942 _cBK
999 _c2322
_d2322